| 000 | 00522nam a2200181Ia 4500 | ||
|---|---|---|---|
| 008 | 090124s9999 xx 000 0 und d | ||
| 082 | _b129895 | ||
| 100 | _aप्रभावळकर दिलीप | ||
| 245 | _a अवती भवती | ||
| 250 | _a1 | ||
| 260 | _c2000 | ||
| 300 | _a114 | ||
| 600 | _aप्रभावळकर दिलीप | ||
| 630 | _a अवती भवती | ||
| 700 | _aप्रभावळकर दिलीप | ||
| 730 | _a अवती भवती | ||
| 942 | _cBOOK | ||
| 999 |
_c175984 _d175984 |
||